00959 2200181 4500001002100000005001500021035002000036245007100056100002400127250001700151300002800168260003900196082001100235084001700246020002200263650002400285520046800309INLIS00000000000074520241019082058 a0010-10240000381 aEnsiklopedia Fisika 2 :bTeori Dasar Fisika /cWindi Purtanto, dkk0 aWindi Purtanto, dkk aCetakan ke-1 a56 hlm :bIlus ;c25 cm aBekasi :bUranus publishing,c2011 a530.03 a530.03 WIN e a978-602-8637-22-0 4aEnsiklopedia Fisika aSiapa bilang belajar fisika itu susah. Malah, fisika itu sesuatu yang mengasyikan. Belajar fisika akan sangat menyenangkan karena berhubungan erat dengan kehidupan sehari-hari kita. Tahukah kamu tentang E=MC². Rumus terkenal ciptaan enstein ini adalah rumus populer yang banyak membantu manusia memecahkan masalah teknologi dan sains. Nah, selamat membaca ya, dan jangan lupa untuk berani bertanya pada orang tua, guru atau teman kalau ada yang tidak dimengerti.